Microsoft Expression Design, step by step / (Record no. 28922)
[ view plain ]
| 000 -LEADER | |
|---|---|
| fixed length control field | 01578cam a22004335i 4500 |
| 001 - CONTROL NUMBER | |
| control field | 15041967 |
| 003 - CONTROL NUMBER IDENTIFIER | |
| control field | EG-ScBUE |
| 005 - DATE AND TIME OF LATEST TRANSACTION | |
| control field | 20201014131701.0 |
| 006 - FIXED-LENGTH DATA ELEMENTS--ADDITIONAL MATERIAL CHARACTERISTICS--GENERAL INFORMATION | |
| fixed length control field | m||||f ||i 00| 0 |
| 008 - FIXED-LENGTH DATA ELEMENTS--GENERAL INFORMATION | |
| fixed length control field | 071012t20082008waua f 001 0 eng d |
| 020 ## - INTERNATIONAL STANDARD BOOK NUMBER | |
| International Standard Book Number | 0735624399 (pbk.) |
| 020 ## - INTERNATIONAL STANDARD BOOK NUMBER | |
| International Standard Book Number | 9780735624399 |
| 035 ## - SYSTEM CONTROL NUMBER | |
| System control number | (OCoLC)ocn154761089 |
| 040 ## - CATALOGING SOURCE | |
| Original cataloging agency | BTCTA |
| Language of cataloging | eng |
| Description conventions | rda |
| Transcribing agency | BTCTA |
| Modifying agency | BAKER |
| -- | YDXCP |
| -- | ZQP |
| -- | DLC |
| -- | EG-ScBUE |
| 082 04 - DEWEY DECIMAL CLASSIFICATION NUMBER | |
| Classification number | 006.7 |
| Item number | FRO |
| Edition number | 22 |
| 100 1# - MAIN ENTRY--PERSONAL NAME | |
| Personal name | Froehlich, Sara, |
| Relator term | author. |
| 245 10 - TITLE STATEMENT | |
| Title | Microsoft Expression Design, step by step / |
| Statement of responsibility, etc | Sara Froehlich, Marc Campbell. |
| 246 3# - VARYING FORM OF TITLE | |
| Title proper/short title | Expression Design, step by step |
| 246 3# - VARYING FORM OF TITLE | |
| Title proper/short title | Step by step Microsoft Expression Design |
| 264 #1 - PUBLICATION, DISTRIBUTION, ETC. (IMPRINT) | |
| Place of publication, distribution, etc | Redmond, Washington : |
| Name of publisher, distributor, etc | Microsoft Press, |
| Date of publication, distribution, etc | [2008] |
| 264 #4 - PUBLICATION, DISTRIBUTION, ETC. (IMPRINT) | |
| Date of publication, distribution, etc | c2008 |
| 300 ## - PHYSICAL DESCRIPTION | |
| Extent | xx, 278 pages : |
| Other physical details | illustrations ; |
| Dimensions | 23 cm. + |
| Accompanying material | 1 CD-ROM (4 3/4 in.) |
| 336 ## - CONTENT TYPE | |
| Content type term | text |
| Content type code | txt |
| Source | rdacontent |
| 337 ## - MEDIA TYPE | |
| Media type term | unmediated |
| Media type code | n |
| Source | rdamedia |
| 337 ## - MEDIA TYPE | |
| Media type term | computer |
| Media type code | c |
| Source | rdamedia |
| 338 ## - CARRIER TYPE | |
| Carrier type term | volume |
| Carrier type code | nc |
| Source | rdacarrier |
| 338 ## - CARRIER TYPE | |
| Carrier type term | computer disc |
| Carrier type code | cd |
| Source | rdacarrier |
| 490 0# - SERIES STATEMENT | |
| Series statement | Step by step |
| 500 ## - GENERAL NOTE | |
| General note | Includes index. |
| 520 ## - SUMMARY, ETC. | |
| Summary, etc | Provides information on creating designs and illustrations using Microsoft Expression Design. |
| 630 07 - SUBJECT ADDED ENTRY--UNIFORM TITLE | |
| Uniform title | Microsoft Expression Design (Computer software) |
| Source of heading or term | sears |
| 650 #7 - SUBJECT ADDED ENTRY--TOPICAL TERM | |
| Topical term or geographic name as entry element | Computer graphics |
| General subdivision | Computer programs. |
| Source of heading or term | BUEsh |
| 650 #7 - SUBJECT ADDED ENTRY--TOPICAL TERM | |
| Topical term or geographic name as entry element | Web sites |
| General subdivision | Design. |
| Source of heading or term | BUEsh |
| 650 #7 - SUBJECT ADDED ENTRY--TOPICAL TERM | |
| Topical term or geographic name as entry element | Web site development. |
| Source of heading or term | BUEsh |
| 650 #7 - SUBJECT ADDED ENTRY--TOPICAL TERM | |
| Topical term or geographic name as entry element | Multimedia systems. |
| Source of heading or term | BUEsh |
| 653 ## - INDEX TERM--UNCONTROLLED | |
| Resource For college | Informatics and Computer Science |
| Arrived date list | October2020 |
| 700 1# - ADDED ENTRY--PERSONAL NAME | |
| Personal name | Campbell, Marc |
| Titles and other words associated with a name | (Writer on technology) |
| Relator term | author. |
| 942 ## - ADDED ENTRY ELEMENTS (KOHA) | |
| Source of classification or shelving scheme | Dewey Decimal Classification |
| Koha item type | Book - Borrowing |
| Withdrawn status | Lost status | Source of classification or shelving scheme | Damaged status | Not for loan | Collection code | Home library | Current library | Shelving location | Date acquired | Source of acquisition | Total Checkouts | Full call number | Barcode | Date last seen | Price effective from | Koha item type |
|---|---|---|---|---|---|---|---|---|---|---|---|---|---|---|---|---|
| Dewey Decimal Classification | unknown | Central Library | Central Library | Lower Floor | 14/10/2020 | Purchase | 006.7 FRO | 000049918 | 15/07/2025 | 14/10/2020 | Book - Borrowing | |||||
| Dewey Decimal Classification | unknown | Central Library | Central Library | Lower Floor | 14/10/2020 | Purchase | 006.7 FRO | 000049917 | 24/08/2022 | 14/10/2020 | CD | DVD - With book |